000 02007nam a2200253 a 4500
003 AM-YEHGA
005 20260409152247.0
008 260205s1904 tu |||gr|||| 000|0 arm d
040 _aM-YEHGA
041 0 _aarm
100 1 _aԱրամյան, Հմայակ Հայրապետի,
_d1878-1919
_9770
245 1 0 _aՔիւրտ Պէկ :
_b(Գծեր հայ-քրդական կեանքէն) /
_cՄ.Տ. Շւոտ.
260 _aՍ.-Պետերբուրգ :
_b«Պուշկինեան արագատիպ» տպարան,
_c1904.
300 _a(6 գիրք մեկ կազմի մեջ) ; 60, [1] չհ. էջ ;
_c16 սմ.
500 _aՇարվածքը՝ 11,5X7 սմ:
500 _aՇապիկին և տիտղոսաթերթին՝ զարդանախշ: Շապիկի վերջերեսին՝ հեղինակի աշխատությունների ցանկը:
500 _aԱլիգ 2
501 _aՄեկ կազմի մեջ՝ Հնչակ : (Զատկական նւԷր Տ-ցի գաղթականներին) / Մ.Տ. Շւոտ։ Ս.-Պետերբուրգ: տպ. Պուշկինեան։ 1905։ - Սլիգ 1 ; Արամը : (Գծեր հայ-քրդական կեանքէն) / Մ.Տ. Շւոտ։ Ս. Պետերբուրգ: Պուշկինեան Տպարան։ 1905։ - Ալիգ 3 ; Քիւրտ Պէկ : Անաստուածները ։ Գծեր հայ-քրդական կեանքէն (Գ․ հատորիկ) / Մ.Տ. Շւոտ։ Բարիզ: Ա. հ.։ 1903։ - Ալիգ 4 ; Մերձեցում : Անուրջներ / Մ.Տ. Շւոտ։ Բարիզ: Ա. հ.։ 1903։ - Ալիգ 5 ; Քրդերը Տաճկայ-Հայաստանում : Ազգագրական նիւթեր (Հատոր Ա․) / Մ.Տ. Շւոտ։ Ս․ Պետերբուրգ: Պուշկինեան Տպարան։ 1905։ - Ալիգ 6
650 1 4 _aՀայ գրականություն
_xՎեպ
651 4 _aՍանկտ Պետերբուրգ
_98369
651 4 _aՌուսաստան
856 4 1 _uhttp://greenstone.flib.sci.am/gsdl/collect/hajgirqn/book/qiirtsh_1904.pdf
_yԿարդալ առցանց
942 _2udc
_cBK
_n0
999 _c540598
_d540598